Towards Sustainable Growth, The Sri Lanka Experience: (Record no. 1476)
[ view plain ]
| 000 -LEADER | |
|---|---|
| fixed length control field | 00574nam a2200181Ia 4500 |
| 005 - DATE AND TIME OF LATEST TRANSACTION | |
| control field | 20250127010145.0 |
| 008 - FIXED-LENGTH DATA ELEMENTS--GENERAL INFORMATION | |
| fixed length control field | 240331s9999 xx 000 0 und d |
| 082 ## - DDC Classification | |
| Item Number - Author Mark | WIJ |
| DDC Edition Number | 3586 |
| Class No. | 304.2 |
| 100 ## - MAIN ENTRY--PERSONAL NAME | |
| Personal name | Wijayadasa, K. H. J |
| 245 #0 - TITLE STATEMENT | |
| Title | Towards Sustainable Growth, The Sri Lanka Experience: |
| Remainder of title | The Evolution of Environmental Policies and Strategies in Sri Lanka 1978-1993 |
| 250 ## - EDITION STATEMENT | |
| Edition statement | 2nd Edition |
| 260 ## - PUBLICATION, DISTRIBUTION, ETC. | |
| Name of publisher, distributor, etc. | Central Environmental Authority |
| Date of publication, distribution, etc. | 1994 |
| 300 ## - PHYSICAL DESCRIPTION | |
| Extent (e.g. Volumes, Pages etc.) | viii, 214 p., |
| 650 ## - SUBJECT ADDED ENTRY--TOPICAL TERM | |
| Topical term or geographic name entry element | Sustainable Growth |
| 650 ## - SUBJECT ADDED ENTRY--TOPICAL TERM | |
| Topical term or geographic name entry element | Development |
| 650 ## - SUBJECT ADDED ENTRY--TOPICAL TERM | |
| Topical term or geographic name entry element | Environment |
| 942 ## - Koha item type (Biblio) | |
| Koha item type | Books in Stacks (Lending) |
| Lost status | Damaged status | Collection code | Home library | Current library | Shelving location | Date acquired | Full call number | Accession Number | Item type |
|---|---|---|---|---|---|---|---|---|---|
| Lending | WERC Library | WERC Library | Social Science Cupboard | 03/31/2024 | 304.2 WIJ | 3586 | Books in Stacks (Lending) |
